Behaviorálna biometrická autentifikácia používateľa androidových zariadení

Gespeichert in:
Bibliographische Detailangaben
1. Verfasser: Lukačka, Martin (Verfasst von)
Weitere Verfasser: Chudá, Daniela (Betreuung Doktorarbeit)
Format: Manuskript Buch
Sprache:Slowakisch
Veröffentlicht: Bratislava : STU v Bratislave FEI, 2025
Schlagworte:
Online-Zugang:https://opac.crzp.sk/?fn=detailBiblioFormChildG12OCA&sid=BA75C2D62745AD5725E5949ED92F&seo=CRZP-detail-kniha
Tags: Tag hinzufügen
Keine Tags, Fügen Sie das erste Tag hinzu!

MARC

LEADER 00000ntm a22000003a 4500
001 stuzp104267
003 SK-STU
005 20251112144549.5
007 ta
008 150427s2015----xo-----f-mn---000-0-slo-d
040 |a STU  |b slo 
041 0 |a slo 
044 |a xo 
100 1 |a Lukačka, Martin  |u 035000  |4 aut  |U FEI Fakulta elektrotechniky a informatiky  |T FEI Ústav informatiky a matematiky  |X 110975  |U E050  |Y 816  |7 110975 
242 0 1 |a Behavioral biometric authentication of the user of android devices  |y eng 
245 1 0 |a Behaviorálna biometrická autentifikácia používateľa androidových zariadení 
260 |a Bratislava :  |b STU v Bratislave FEI,  |c 2025 
300 |a 87 s. 
650 4 |a Behaviorá biometria  |2 slo 
650 4 |a Strojové učenie  |2 slo 
650 4 |a Autentifikácia  |2 slo 
650 4 |a Behavioral Biometrics  |2 eng 
650 4 |a Machine Learning  |2 eng 
650 4 |a Authentication  |2 eng 
700 1 |a Chudá, Daniela  |u 035000  |k Z1  |4 ths  |U FEI Fakulta elektrotechniky a informatiky  |T FEI Ústav informatiky a matematiky  |X 38061  |U E050  |Y 816  |7 000038061 
856 4 |u https://opac.crzp.sk/?fn=detailBiblioFormChildG12OCA&sid=BA75C2D62745AD5725E5949ED92F&seo=CRZP-detail-kniha